| 000 | 00959cgm a2200325 4500 | ||
|---|---|---|---|
| 001 | J1557 | ||
| 008 | 090401t1993 xxu||||| |||| 00| 0 eng d | ||
| 035 | _a(Sirsi) u44207 | ||
| 041 | _aeng | ||
| 050 | _a614.772 | ||
| 100 | _aNicholls, George | ||
| 245 | _aPreventing water pollution (sound recording). | ||
| 260 |
_aLondon _bRoyal Institution of Chartered Surveyors _c1993 |
||
| 300 | _a1 sound cassette (60 min.) | ||
| 350 | _a0 | ||
| 490 | _aOwlion Audio Programme | ||
| 520 | _aProduced in cooperation with the National Rivers Authority. | ||
| 650 | _aAUDIO CASSETTES | ||
| 650 | _aWATER POLLUTION | ||
| 690 | _aWATER | ||
| 700 | _aBateman, Geoff | ||
| 700 | _aStrouts, Edward | ||
| 700 | _aPott, Simon | ||
| 700 | _aWilbourn, Philip | ||
| 710 |
_aRoyal Institution of Chartered Surveyors _94900 |
||
| 710 |
_aCollege of Estate Management _9400 |
||
| 710 |
_aNational Rivers Authority _92833 |
||
| 942 | _n0 | ||
| 948 | _c04/03/1997 | ||
| 999 |
_c85249 _d85249 |
||